Poultry husbandry. (Record no. 11366)

MARC details
000 -LEADER
fixed length control field 00757cam a22002651 4500
001 - CONTROL NUMBER
control field agr51000508
003 - CONTROL NUMBER IDENTIFIER
control field DLC
005 - DATE AND TIME OF LATEST TRANSACTION
control field 20260227111015.0
008 - FIXED-LENGTH DATA ELEMENTS--GENERAL INFORMATION
fixed length control field 761110s1951 xx 000 0 eng
010 ## - LIBRARY OF CONGRESS CONTROL NUMBER
LC control number agr51000508
015 ## - NATIONAL BIBLIOGRAPHY NUMBER
National bibliography number GB51-4604
035 ## - SYSTEM CONTROL NUMBER
System control number (OCoLC)2551705
040 ## - CATALOGING SOURCE
Original cataloging agency DLC
Transcribing agency O
Modifying agency OCoLC
-- Uk
-- DLC
042 ## - AUTHENTICATION CODE
Authentication code premarc
050 00 - LIBRARY OF CONGRESS CALL NUMBER
Classification number SF487
Item number .J8 1951
082 ## - DEWEY DECIMAL CLASSIFICATION NUMBER
Classification number 636.5
100 1# - MAIN ENTRY--PERSONAL NAME
Personal name Jull, M. A.
Fuller form of name (Morley Allan),
Dates associated with a name 1885-
245 10 - TITLE STATEMENT
Title Poultry husbandry.
250 ## - EDITION STATEMENT
Edition statement 3d ed.
260 ## - PUBLICATION, DISTRIBUTION, ETC.
Place of publication, distribution, etc. New York,
Name of publisher, distributor, etc. McGraw-Hill,
Date of publication, distribution, etc. 1951.
300 ## - PHYSICAL DESCRIPTION
Extent vii, 526 p.
Other physical details illus., maps.
Dimensions 24 cm.
440 #0 - SERIES STATEMENT/ADDED ENTRY--TITLE
Title McGraw-Hill publications in the agricultural sciences
504 ## - BIBLIOGRAPHY, ETC. NOTE
Bibliography, etc. note "Selected literature references" at end of each chapter.
650 #0 - SUBJECT ADDED ENTRY--TOPICAL TERM
Topical term or geographic name entry element Poultry.

No items available.

Powered by Koha